000 00272nam a2200109Ia 4500
008 190914s9999||||xx |||||||||||||| ||und||
100 _aHogg,Tanis Rao
245 0 _aProbability and Statistical Inference
260 _aNew Delhi
_bDorling
_c2003
300 _a654
942 _cBK
999 _c9911
_d9911